Proceedings colloquium'17 : (Record no. 146792)

MARC details
000 -LEADER
fixed length control field 00518nam a22001697a 4500
005 - DATE AND TIME OF LATEST TRANSACTION
control field 20171024110321.0
010 ## - LCCN (DPL NO)
LC control number ENG-121036
020 ## - INTERNATIONAL STANDARD BOOK NUMBER
Terms of availability 500.00
International Standard Book Number 9789385559082
035 ## - SYSTEM CONTROL NUMBER
System control number EN-104568
037 ## - SOURCE OF ACQUISITION
Source of stock number/acquisition DBAD/PUB
082 ## - DEWEY DECIMAL CLASSIFICATION NUMBER
Classification number 620
245 ## - TITLE STATEMENT
Title Proceedings colloquium'17 :
Remainder of title where innovation meet opportunity /
260 ## - PUBLICATION, DISTRIBUTION, ETC. (IMPRINT)
Place of publication, distribution, etc Kerala
Name of publisher, distributor, etc Ashalatha Thampuran
Date of publication, distribution, etc 2017
270 ## - ADDRESS
Address Anad, Nedumangad, Thiruvananthapuram
City Kerala
Postal code 2814579
300 ## - PHYSICAL DESCRIPTION
Extent 379p.
Dimensions 28cm(pbk)
Other physical details ill.
942 ## - ADDED ENTRY ELEMENTS (KOHA)
Source of classification or shelving scheme Dewey Decimal Classification
Item type English Books
Classification part 620
Call number suffix COL
Holdings
Withdrawn status Lost status Not for loan Collection code Home library Current library Date acquired Source of acquisition Cost, normal purchase price Full call number Barcode Copy number Cost, replacement price Koha item type
    Not For Loan Non-fiction D.B.Act.Division D.B.Act.Division 24/10/2017 DBAD/PUB 500.00 620 COL EN-104568 1 500.00 English Books

© Delhi Public Library
Hit Counter
free hit counter